| 000 | 00583nam a22001937a 4500 | ||
|---|---|---|---|
| 005 | 20251108165248.0 | ||
| 008 | 250721s1978 xx 000 0 ara d | ||
| 082 | 1 | 4 | _a629.4/أور |
| 100 | 1 | _aاورد واى، فردريك | |
| 245 | 1 | 0 | _aمكاسب عصر الفضاء / |
| 264 | 1 |
_aالقاهرة : _bمكتبة الوعي العربي، _c1978. |
|
| 300 | _a365ص | ||
| 650 | 1 | 7 | _aالفضاء |
| 700 | 1 | _aادامز، كارسبي | |
| 700 | 1 | _aشارب، متشل | |
| 700 | 1 |
_aالبرادعي، زكريا أحمد _eترجمة |
|
| 942 |
_2ddc _cBK |
||
| 999 |
_c23542 _d23542 |
||